000 00525nam a2200193 a 4500
001 1773825713056
003 YourLibrary
005 20260318145349.0
008 260318s2008##################000#0#eng##
020 _a9781842644706
082 0 4 _a338.9
_bEUR
100 1 _aInternational, Euromonitor,
_eauthor.
245 1 0 _aRegional Growth Markets :
260 _bEuromonitor International,
_c2008.
300 _a596 pages
650 0 _aBusiness & Economics.
942 _cENGLISH
040 _aYourLibrary
_beng
_cYourLibrary
999 _c617948
_d617948